000 00904cab a2200277 4500
001 WB3245-45
008 090401t1996 xxu||||| |||| 00| 0 eng d
035 _a(Sirsi) u60413
041 _aeng
245 _aPublic access to the countryside
260 _c1996
350 _a0
490 _aRICS Press Release
_v(PR146.rur) 27 November 1996, (3)
520 _aIn "Public access to the countryside" the RICS reviews written policy statements put forward by various countryside organisations interested in the public access to the countryside debate. Summarises findings.
650 _aACCESS TO THE COUNTRYSIDE
650 _aCOUNTRYSIDE
650 _aMANAGED ACCESS
650 _aPOLICY
650 _aPUBLIC ACCESS
650 _aRIGHT TO ROAM
650 _aVOLUNTARY AGREEMENTS
650 _aWRITTEN POLICY STATEMENTS
690 _aRURAL PRACTICE
942 _n0
948 _c04/03/1997
999 _c37253
_d37253